logo

Bir Sreshtho Munshi Abdur Rouf Library
Jhenaidah Cadet College

The prince with the Golden Hair and King Bird-Head / (Record no. 3801)

MARC details
000 -LEADER
fixed length control field 00609nam a2200217 a 4500
001 - CONTROL NUMBER
JCCL Control Number 3801
003 - CONTROL NUMBER IDENTIFIER
JCCL marc code BD-JhCC
005 - DATE AND TIME OF LATEST TRANSACTION
control field 20171119101206.0
008 - FIXED-LENGTH DATA ELEMENTS--GENERAL INFORMATION
fixed length control field 171116s uk |||| |||| 000 0 eng d
035 ## - SYSTEM CONTROL NUMBER
system control number (BD-JhCC)
040 ## - CATALOGING SOURCE
Original cataloging agency BD-JhCC
Modifying agency BD-JhCC
041 ## - LANGUAGE CODE
Language code of Book eng
082 ## - DEWEY DECIMAL CLASSIFICATION NUMBER
Classification number 823
Author mark and Year FAU
100 ## - MAIN ENTRY--PERSONAL NAME
Personal name Faucett, Lawrence
245 ## - TITLE STATEMENT
Title The prince with the Golden Hair and King Bird-Head /
Statement of responsibility, etc Lawrence Faucett
260 ## - PUBLICATION, DISTRIBUTION, ETC. (IMPRINT)
Place of publication, distribution, etc London :
Name of publisher, distributor, etc Oxford University Press,
300 ## - PHYSICAL DESCRIPTION
Pagination 32 p.;
Dimensions 14 cm.
490 ## - SERIES STATEMENT
Series statement The Oxford English Course Supplementary Readers, Stage A
650 ## - SUBJECT ADDED ENTRY--TOPICAL TERM
Topical term or geographic name as entry element English language
942 ## - ADDED ENTRY ELEMENTS (KOHA)
Source of classification or shelving scheme Dewey Decimal Classification
Koha item type Books
Holdings
Source of classification or shelving scheme Damaged status Not for loan Home library Current library Shelving location Date of accession Total Checkouts Full call number Barcode Date last seen Copy number Koha item type
Dewey Decimal Classification     JCC Rouf Library JCC Rouf Library General Stacks 11/18/2017   823 FAU 5559 11/18/2017 C-1 Books
Dewey Decimal Classification     JCC Rouf Library JCC Rouf Library General Stacks 11/18/2017   823 FAU 5558 11/18/2017 C-2 Books
Dewey Decimal Classification     JCC Rouf Library JCC Rouf Library General Stacks 11/18/2017   823 FAU 5557 11/18/2017 C-3 Books
Dewey Decimal Classification     JCC Rouf Library JCC Rouf Library General Stacks 11/22/2017   823 FAU 5779 11/22/2017 C-4 Books

JCC Library | Contacts | JCC Home

Last Update on 23 September 2017
Copyright @ 2017-2020 JCC Rouf Library
Rouf Library, Jhenidah Cadet College (JCC), Bangladesh